La secretaria y el protocolo (Registro nro. 1994)
[ vista simple ]
| 000 -CABECERA | |
|---|---|
| campo de control de longitud fija | 00797aam a2200265 4500 |
| 005 - FECHA Y HORA DE ACTUALIZACIÓN | |
| campo de control | 20180920113620.0 |
| 008 - LONGITUD FIJA | |
| campo de control de longitud fija | 150721b xxu||||| |||| 00| 0 spa d |
| 041 ## - IDIOMA | |
| Código de idioma del texto/pista de sonido o título separado | |
| 082 ## - CLASIFICACIÓN DECIMAL DEWEY | |
| Número de clasificación | 395 L864s |
| 100 ## - AUTOR PERSONAL | |
| Nombre de persona | López Nieto, Francisco |
| 245 ## - TÍTULO PROPIAMENTE DICHO | |
| Título | La secretaria y el protocolo |
| 260 ## - PIE DE IMPRENTA | |
| Lugar de publicación, distribución, etc. | España |
| Nombre del editor, distribuidor, etc. | Libertarias |
| Fecha de publicación, distribución, etc. | 2003 |
| 300 ## - DESCRIPCIÓN FÍSICA | |
| Extensión | 318 páginas |
| 650 ## - Materia General | |
| Materia general | PROTOCOLO |
| 650 ## - Materia General | |
| Materia general | FUNCIONES DE SECRETARIA |
| 650 ## - Materia General | |
| Materia general | DISTINCIONES SOCIALES |
| 650 ## - Materia General | |
| Materia general | PROTOCOLO DE SIMBOLOS |
| 650 ## - Materia General | |
| Materia general | HONORES |
| 650 ## - Materia General | |
| Materia general | PROTOCOLO EXTERIOR |
| 650 ## - Materia General | |
| Materia general | ACTOS PÚBLICOS |
| 650 ## - Materia General | |
| Materia general | ORGANIZACION DE ACTOS |
| 650 ## - Materia General | |
| Materia general | ACTOS DE AMBIENTE PROFESIONAL |
| 650 ## - Materia General | |
| Materia general | ACTOS DE AMBIENTE SOCIAL |
| 942 ## - Punto de Acceso Adicional Koha | |
| Tipo de ítem Koha | Libro |
| Estado perdido | Estado dañado | No para préstamo | Biblioteca permanente | Biblioteca actual | Signatura completa | Código de barras | Tipo de ítem |
|---|---|---|---|---|---|---|---|
| Departamento de Biblioteca y Documentación Alfonso Chase Brenes | Departamento de Biblioteca y Documentación Alfonso Chase Brenes | 395 L864s | 11475 | Libro | |||
| Departamento de Biblioteca y Documentación Alfonso Chase Brenes | Departamento de Biblioteca y Documentación Alfonso Chase Brenes | 395 L864s | 11476 | Libro | |||
| Departamento de Biblioteca y Documentación Alfonso Chase Brenes | Departamento de Biblioteca y Documentación Alfonso Chase Brenes | 395 L864s | 11477 | Libro | |||
| Departamento de Biblioteca y Documentación Alfonso Chase Brenes | Departamento de Biblioteca y Documentación Alfonso Chase Brenes | 395 L864s | 11478 | Libro |